| 000 | 01315cam a2200397 4500 | ||
|---|---|---|---|
| 008 | 040426n2005 000 0 eng u | ||
| 020 | _a0421831405 | ||
| 035 | _a(Sirsi) u125975 | ||
| 041 | _aeng | ||
| 050 |
_a346.41043 _c18 |
||
| 100 | _aStevens, John | ||
| 245 | _aLand law | ||
| 250 | _a3rd ed. | ||
| 260 |
_aLondon _bSweet and Maxwell _c2005 |
||
| 300 |
_alvii, 630p. _c25cm. |
||
| 350 | _a24.95 | ||
| 490 | _aSweet and Maxwell Textbook Series | ||
| 520 | _aWritten primarily for students, the third edition of this textbook explains the fundamentals of land law, taking into account the Land Registration Act 2002. Part one outlines basic principles and concepts; part two focuses on types of land ownership; and part three examines subsidiary interests in land. Tables of cases and statutes. | ||
| 520 | _aSupercedes previous editions. | ||
| 650 | _aCOVENANTS | ||
| 650 | _aTRUSTS OF LAND | ||
| 650 | _aEASEMENTS | ||
| 650 | _aLAND OWNERSHIP | ||
| 650 | _aLAND LAW | ||
| 650 | _aMORTGAGES | ||
| 650 | _aFREEHOLD | ||
| 650 | _aREGISTERED LAND | ||
| 650 | _aUNREGISTERED LAND | ||
| 650 | _aPROPRIETARY ESTOPPEL | ||
| 650 | _aLEASEHOLD | ||
| 650 | _aLICENCES | ||
| 650 | _aLAND REGISTRATION ACT 2002 | ||
| 690 | _aPROPERTY | ||
| 700 | _aPearce, Robert A. | ||
| 942 | _n0 | ||
| 999 |
_c103533 _d103533 |
||